| 000 | 01481nam a22003857a 4500 | ||
|---|---|---|---|
| 003 | CHAP | ||
| 005 | 20220329142357.0 | ||
| 008 | 001017d2000 mx b r 00110 spa d | ||
| 010 | _a82606 | ||
| 011 | _a83578 | ||
| 035 | _a94093 | ||
| 040 | _cCHAP | ||
| 090 | _aTesis | ||
| 100 | 0 | 0 |
_aGuzmán Torrez, Carlos. _952024 |
| 245 | 1 | 4 |
_aLas empresas integradoras, una alternativa para la micro, pequeña y mediana empresa del sector agropecuario en México _c/por Carlos Guzmán Torrez y Ruben López Ortega |
| 260 |
_aChapingo, Méx. : _bEl autor, _c2000. |
||
| 300 |
_a129 h. : _bgráfs. ; mapa |
||
| 502 | _aTesis (Lic. en Comercio Internacional de Productos Agropecuarios) --UACH. División de Ciencias Económico-Administrativas | ||
| 590 |
_aALEPH _b10 _c20130110 _lUCH01 _h1438 |
||
| 590 |
_aBATCH-UPD _b10 _c20130110 _lUCH01 _h0719 |
||
| 590 |
_aBATCH-UPD _b10 _c20130110 _lUCH01 _h2340 |
||
| 590 |
_aBATCH-UPD _b10 _c20130410 _lUCH01 _h0404 |
||
| 590 |
_aBATCH-UPD _b10 _c20130914 _lUCH01 _h1302 |
||
| 590 |
_aCONVERSION _b10 _c20130109 _lUCH01 _h1346 |
||
| 650 | 1 | 4 |
_aEmpresas campesinas. _936652 |
| 650 | 1 | 4 |
_aIndustrias agrícolas _xMéxico. _957957 |
| 650 | 1 | 4 |
_aMicroeconomía. _975508 |
| 650 | 1 | 4 |
_aSociedades cooperativas _xMéxico. _9108135 |
| 700 | 0 |
_aLópez Ortega, Ruben. _968187 |
|
| 901 | _aBK | ||
| 905 | _aMayto Villalobos S. | ||
| 942 | _cFOLL | ||
| 949 |
_bBC _cTES _d33724000794152 _eTS2 _fc.2 _h37103 _i94093 _si |
||
| 949 |
_bBC _cTES _d940931 _eTS1 _h37102 _i94093 _sb |
||
| 999 |
_c82606 _d82606 |
||